Faculty of Law Library — Cairo University

Official Online Catalog

Law and practice of international commercial arbitration / (Record no. 69387)

MARC details
000 -LEADER
fixed length control field 01014cam a2200325 i 4500
003 - CONTROL NUMBER IDENTIFIER
control field EG-GICUC
005 - DATE AND TIME OF LATEST TRANSACTION
control field 20260407121748.0
008 - FIXED-LENGTH DATA ELEMENTS--GENERAL INFORMATION
fixed length control field 991206s1999 enk frb 001 0 eng d
020 ## - INTERNATIONAL STANDARD BOOK NUMBER
International Standard Book Number 0421561300
020 ## - INTERNATIONAL STANDARD BOOK NUMBER
International Standard Book Number 9780421561304
040 ## - CATALOGING SOURCE
Original cataloging agency DLC
Transcribing agency DLC
Modifying agency DLC
-- EG-GICUC
Language of cataloging eng
Description conventions rda
050 00 - LIBRARY OF CONGRESS CALL NUMBER
Classification number K2400
Item number .R43 1999
082 00 - DEWEY DECIMAL CLASSIFICATION NUMBER
Classification number 347.224
Edition number 21
092 04 - LOCALLY ASSIGNED DEWEY CALL NUMBER (OCLC)
Edition number 21
099 ## - LOCAL FREE-TEXT CALL NUMBER (OCLC)
Classification number Law 12 1999
100 1# - MAIN ENTRY--PERSONAL NAME
Personal name Redfern, Alan.
245 10 - TITLE STATEMENT
Title Law and practice of international commercial arbitration /
Statement of responsibility, etc. by Alan Redfern, Martin Hunter.
250 ## - EDITION STATEMENT
Edition statement 3rd edition.
264 ## - PRODUCTION, PUBLICATION, DISTRIBUTION, MANUFACTURE, AND COPYRIGHT NOTICE
Place of production, publication, distribution, manufacture London :
Name of producer, publisher, distributor, manufacturer Sweet & Maxwell,
Date of production, publication, distribution, manufacture, or copyright notice 1999.
300 ## - PHYSICAL DESCRIPTION
Extent li, 664 pages ;
Dimensions 26 cm.
336 ## - CONTENT TYPE
Content type term text
Source rdacontent
337 ## - MEDIA TYPE
Media type term Computer
Source rdamedia
338 ## - CARRIER TYPE
Carrier type term Online Resource
Source rdacarrier
504 ## - BIBLIOGRAPHY, ETC. NOTE
Bibliography, etc. note Includes bibliographical references and index.
650 #0 - SUBJECT ADDED ENTRY--TOPICAL TERM
Topical term or geographic name entry element International commercial arbitration.
700 1# - ADDED ENTRY--PERSONAL NAME
Personal name Hunter, Martin.
856 40 - ELECTRONIC LOCATION AND ACCESS
Uniform Resource Identifier <a href="https://fll.law.cu.edu.eg/fulltext/bks/ENGB12-00105.pdf">https://fll.law.cu.edu.eg/fulltext/bks/ENGB12-00105.pdf</a>
905 ## - Cataloger and Reviser Names
Cataloger Name: Hend El khosy
942 ## - ADDED ENTRY ELEMENTS (KOHA)
Source of classification or shelving scheme Dewey Decimal Classification
Koha item type Books
Edition 21
Suppress in OPAC No
Holdings
Withdrawn status Lost status Source of classification or shelving scheme Damaged status Not for loan Collection Home library Current library Date acquired Total checkouts Full call number Barcode Date last seen Copy number Price effective from Koha item type Public note
    Dewey Decimal Classification     القانون الدولي الخاص جــــامعة القــاهرة مكتبة كلية الحقوق - فـرع الشيخ زايد 07.04.2026   Law2 12 347.224 RE . L 3 ed - 1999 12000105 C1 ENGB12-00105 07.04.2026 1 07.04.2026 Books 1752

© All rights reserved — Faculty of Law, Cairo University